Index General Des Manuscripsts Arabes Musulmans De La Bibloitheque (Record no. 2258)

MARC details
000 -LEADER
fixed length control field 00639nam a2200241 a 4500
020 ## - INTERNATIONAL STANDARD BOOK NUMBER
ISBN
082 00 - DEWEY DECIMAL CLASSIFICATION NUMBER
Classification number 027
Author Cutter VAJ
100 ## - MAIN ENTRY--AUTHOR NAME
Author name Vajda, George
245 ## - TITLE STATEMENT
Title Index General Des Manuscripsts Arabes Musulmans De La Bibloitheque
260 ## - PUBLICATION, DISTRIBUTION, ETC. (IMPRINT)
Place of publication Paris
Name of publisher Centre Nationalde La Recherche Scientifu
Year of publication 1953
300 ## - PHYSICAL DESCRIPTION
Number of Pages 742p
500 ## - GENERAL NOTE
General note includes index and biblioraphy
505 2# - FORMATTED CONTENTS NOTE
Formatted contents note Index
650 ## - SUBJECT ADDED ENTRY--TOPICAL TERM
Topical Term Manuscripts-Library-Catalogue
942 ## - ADDED ENTRY ELEMENTS (KOHA)
Koha item type Books
700 1# -
-- Vajda, George
Holdings
Home library Current library Date acquired Cost, normal purchase price Full call number Accession Number Koha item type
Henry Martyn Institute Library Henry Martyn Institute Library 05/24/2005 0.00 027 VAJ 01091 Reference
                   Copyright © 2026 | Henry Martyn Institute | Hyderabad | TS-500052 | INDIA | Implemented by hmi.edu.in
Hit-Count:

Powered by Koha